000
00211 a2200097 4500
001
27748
100
_a
Beveridge, A
245
_a
Baburnama Vol I
260
_a
_b
Sange-e-Meel Publisher
_c
090
_c
18535
_d
18535
942
_a
NUST-CAE
_c
M
_c
9486
999
_c
262821
_d
262821